| 000 | 00696nam a2200193Ia 4500 | ||
|---|---|---|---|
| 999 |
_c16170 _d16170 |
||
| 082 | _aTH.0036 | ||
| 100 | _aHari Om | ||
| 245 | 0 | _aJudicial administration in the Jammu and Kashmir state 1885-1947 | |
| 260 |
_c1976 _bUniversity of Jammu |
||
| 300 | _a306p. + C D - 36 | ||
| 650 | _aADMINISTRATION OF JUSTICE//JUSTICE, ADMINISTRATION OF | ||
| 650 | _aCOURTS///JUSTICE, ADMINISTRATION OF | ||
| 650 | _aJUDICIARY//JUDICIAL POWER | ||
| 650 | _aJUDICIAL POWER - JAMMU AND KASHMIR - 1885-1947 | ||
| 650 | _aCRIMINAL JUSTICE, ADMINISTRATION OF - JAMMU AND KASHMIR - 1885-1947 | ||
| 650 | _aJUSTICE, ADMINISTRATION OF - JAMMU AND KASHMIR - 1885-1947 | ||
| 710 | _aBose, A.C. | ||
| 942 |
_cTH _2ddc |
||